LEADER 01694nam a2200325 u 4500 001 000000036808 003 CaOOAMICUS 005 20070226112736.0 008 980330s1989 it u000 u ita u 020 $a8813166486 035 $a10788126 040 $aPUL(R)$bita 245 00$aDelibazione delle sentenze ecclesiastiche matrimoniali e ordine pubblico :$batti della tavola rotonda. Roma, 20 aprile 1988 /$ca cura di L. Spinelli e G. Dalla Torre. 260 $aPadova :$bCEDAM,$c1988. 300 $a194 p. : ;$c24 cm 490 1 $aPubblicazioni dell'Istituto di diritto pubblico della Facoltā di giurisprudenza, Universitā degli studi di Roma.$aSerie 3 ;$v60 504 $aBibliografia a pič pagina. 650 4$aDiritto ecclesiastico.$0(OLS)http://pul/subject/6 700 1 $aDalla Torre, Giuseppe,$d1943-2020.$0(OLS)http://pul/name/988 700 1 $aSpinelli, Lorenzo,$dn. 1915.$0(OLS)http://pul/name/3005 830 0$aPubblicazioni dell'Istituto di diritto pubblico della Facoltā di giurisprudenza (Universitā degli studi di Roma "La Sapienza").$nSerie 3 ;$v60.$0(OLS)http://pul/title/64625 850 $aPUL 852 $aPUL$W1$xSL Diritto Canonico 1$y5$m166 C 50$j50411$nBK-PRI$b $qStampati$B50411$CPULBib$Z2$F50411 $H $81 941 1 $a8 960 $aDiritto e religione$96 960 $aDiritto e religione$96 961 $aINV: 63068 996 $6020$a8813166486$9(OLS)http://pul/number/46112 996 $6245$aDelibazione delle sentenze ecclesiastiche matrimoniali e ordine pubblico :$batti della tavola rotonda. Roma, 20 aprile 1988$9(OLS)http://pul/title/50231 996 $6260$aPadova :$bCEDAM$9(OLS)http://pul/publisher/48126 LEADER 01201nam a2200253 u 4500 001 000000044204 003 CaOOAMICUS 005 20070226114526.0 008 990422s1964 it u000 u ita u 035 $a10820928 040 $aPUL(R)$bita$dPUL(R) 100 1 $aCiszek, Walter J.,$cS. I.,$d1904-$0(OLS)http://pul/name/32329 240 10$aWith god in Russia.$lItaliano.$0(OLS)http://pul/title/59621 245 13$aLa spia del Vaticano :$b23 anni di attivitā di un gesuita nell'unione sovietica /$cWalter J. Ciszek s.j. ; con la collaborazione di Daniel L. Flaherty s. j. 260 $aTorino :$bMarietti.,$c1964. 300 $a353 p. ;$c22 cm 650 4$aCattolicesimo e comunismo.$0(OLS)http://pul/subject/5614 700 1 $aFlaherty, Daniel L.,$cS. I.$0(OLS)http://pul/name/32330 850 $aPUL 852 $aPUL$W1$xDP1 Cons. Gen., Altre Classi 1$y22$m45 I 17$j59539$nBK-PRI$b $qStampati$B59539$CPULBib$Z2$F59539 $H $81 941 1 $a8 961 $aINV: 40221 996 $6245$aLa spia del Vaticano :$b23 anni di attivitā di un gesuita nell'unione sovietica$9(OLS)http://pul/title/59622 996 $6260$aTorino :$bMarietti.$9(OLS)http://pul/publisher/65674